000 00504nam a2200229Ia 4500
005 20250425161530.0
008 250425s9999 xx 000 0 und d
020 _a0063170503
041 _aspa
082 _a540
100 _aWOOD, JESSE H
245 0 _aQUIMICA GENERAL
250 _a1A ED.
260 _aMEXICO
260 _aMéxico
_bHARLA
_c1974
300 _a581
650 _aQUIMICA
700 _aBULL, WILLIAM E.
700 _aKEENAN, CHARLES W.
942 _c01
010 _a22424
999 _c211080
_d211080